000 00755nam a2200289Ia 4500
005 20260324120306.0
008 008 260324s9999 xx 000 0 eng d
020 _a9781003444299
037 _aEBOOK
040 _aCRL
040 _beng
040 _cCRL
041 _2eng
041 _aeng
084 _qCRL
100 _aPenny A. Pasque; Kristine De Welde; Andi Stepnick
_91157991
245 0 _aDisrupting the Culture of Silence
245 0 _bConfronting Gender Inequality and Making Change in Higher Education
260 _bTaylor and Francis
260 _c2015
365 _a
365 _b230
856 _uhttp://www.taylorfrancis.com/books/9781003444299
942 _cEBOOK
999 _c1749447
_d1749447